[Event "14th EUR-ch"]
[Site "Legnica POL"]
[Date "2013.05.14"]
[Round "9"]
[White "Kraemer, Martin"]
[Black "Butkiewicz, Lukasz"]
[Result "1-0"]
[WhiteElo "2544"]
[BlackElo "2410"]
[EventDate "2013.05.05"]
[PlyCount "89"]

1.d4 c5 2.d5 e5 3.e4 d6 4.Nc3 Be7 5.Nf3 a6 6.a4 Bg4 7.a5 Nd7 8.Bc4 Bxf3 9.
Qxf3 Bg5 10.O-O Bxc1 11.Rfxc1 Ne7 12.Nd1 O-O 13.Ne3 g6 14.Bd3 Kg7 15.Qh3 
Nf6 16.Ra3 Rb8 17.Rca1 Qc7 18.Rb3 h6 19.Nc4 Nh5 20.g3 f5 21.exf5 Nxf5 22.
Rb6 Rbd8 23.Bxf5 Rxf5 24.Ra3 Rf7 25.Rab3 Re7 26.Rxb7 Qxb7 27.Rxb7 Rxb7 28.
Qe6 Rbd7 29.f3 Nf6 30.Nb6 Rf7 31.Nc4 Rfd7 32.Ne3 Re8 33.Qh3 Rb7 34.b3 e4 
35.f4 h5 36.Qh4 Rb4 37.Qg5 Kf7 38.f5 Rg8 39.fxg6+ Rxg6 40.Qf4 Rb7 41.Nf5 
Kg8 42.Qxd6 Kh7 43.Qxa6 Rd7 44.Qe6 Ra7 45.Ne7 1-0

[Event "14th EUR-ch"]
[Site "Legnica POL"]
[Date "2013.05.14"]
[Round "9"]
[White "Prizant, Jaroslav"]
[Black "Hagen, Andreas Skytte"]
[Result "0-1"]
[WhiteElo "2537"]
[BlackElo "2400"]
[EventDate "2013.05.05"]
[PlyCount "80"]

1.d4 Nf6 2.c4 g6 3.Nc3 Bg7 4.e4 d6 5.f3 O-O 6.Nge2 Nc6 7.Be3 a6 8.Qd2 Rb8 
9.Nc1 e5 10.d5 Nd4 11.Nb3 Nxb3 12.axb3 c5 13.g4 Ne8 14.h4 f6 15.h5 g5 16.
h6 Bh8 17.b4 b6 18.Na4 Rf7 19.Rh2 Rfb7 20.Bd3 Bd7 21.bxc5 bxc5 22.Nxc5 
dxc5 23.Bxc5 f5 24.gxf5 Bxf5 25.Ba3 Bc8 26.c5 Bf6 27.Bxa6 Rf7 28.Bc4 Nd6 
29.cxd6 Bd7 30.Rh5 g4 31.Bc5 Rc8 32.b4 Bh4+ 33.Kd1 Rxf3 34.Ra7 Bf6 35.Rh1 
Ra8 36.Rf1 Rxa7 37.Bxa7 Bg5 38.Qa2 Qf8 39.Rxf3 Qxf3+ 40.Be2 Qc3 0-1

[Event "14th EUR-ch"]
[Site "Legnica POL"]
[Date "2013.05.14"]
[Round "9"]
[White "Maiorov, Nikita"]
[Black "Bulmaga, Irina"]
[Result "0-1"]
[WhiteElo "2535"]
[BlackElo "2393"]
[EventDate "2013.05.05"]
[PlyCount "102"]

1.Nf3 Nf6 2.c4 e6 3.g3 d5 4.b3 Bd6 5.Bg2 O-O 6.O-O c6 7.d4 Nbd7 8.Nc3 Qe7 
9.Qc2 Re8 10.Bb2 b6 11.e4 dxe4 12.Ng5 Bb7 13.Ngxe4 Nxe4 14.Nxe4 c5 15.Nxd6
Bxg2 16.Nxe8 Bxf1 17.Nxg7 Bh3 18.dxc5 Nf6 19.Qc3 Kxg7 20.Qf3 Rg8 21.cxb6 
axb6 22.Qh5 Bf5 23.Qg5+ Bg6 24.Qe5 Bf5 25.h3 Kg6 26.Kh2 Nd7 27.Qe2 f6 28.
Rd1 Kf7 29.Ba3 Nc5 30.b4 Ne4 31.Rd4 Nc3 32.Qf3 Nb1 33.Bb2 Rd8 34.Qe3 e5 
35.Rxd8 Qxd8 36.g4 Nd2 37.Qe2 Qd3 38.Qxd3 Bxd3 39.c5 bxc5 40.bxc5 Bb5 41.
Bc1 Ne4 42.Be3 Nc3 43.a3 Ke6 44.Kg3 f5 45.gxf5+ Kxf5 46.Kg2 Nd5 47.Bh6 
Nf4+ 48.Kh2 Ke4 49.Bg7 Nd3 50.Kg3 Nxc5 51.Kg4 Be2+ 0-1

[Event "14th EUR-ch"]
[Site "Legnica POL"]
[Date "2013.05.14"]
[Round "9"]
[White "Sebenik, Matej"]
[Black "Stanciu, Alexandru-Ovidiu"]
[Result "1-0"]
[WhiteElo "2527"]
[BlackElo "2335"]
[EventDate "2013.05.05"]
[PlyCount "81"]

1.d4 Nf6 2.c4 c5 3.d5 e6 4.Nc3 exd5 5.cxd5 d6 6.Nf3 g6 7.Bf4 a6 8.a4 Bg7 
9.h3 O-O 10.e3 Re8 11.Nd2 Nbd7 12.Nc4 Ne4 13.Nxe4 Rxe4 14.Bd3 Rxc4 15.Bxc4
Bxb2 16.Rb1 Bc3+ 17.Ke2 Nb6 18.Bb3 Qf6 19.g4 Bd7 20.f3 Re8 21.Kf2 Nc8 22.
Bc4 Bb4 23.g5 Qe7 24.e4 Nb6 25.Bb3 f6 26.h4 Rf8 27.Bc2 a5 28.Kg2 Nc4 29.
Qe2 Na3 30.Ra1 b5 31.Rxa3 Bxa3 32.axb5 Rb8 33.Bd3 Bb4 34.gxf6 Qxf6 35.Bg3 
a4 36.e5 Qf8 37.h5 c4 38.Bxc4 Bf5 39.hxg6 hxg6 40.exd6 Bxd6 41.Qb2 1-0

[Event "14th EUR-ch"]
[Site "Legnica POL"]
[Date "2013.05.14"]
[Round "9"]
[White "Selbes, Tarik"]
[Black "Petr, Martin"]
[Result "1/2-1/2"]
[WhiteElo "2314"]
[BlackElo "2523"]
[EventDate "2013.05.05"]
[PlyCount "90"]

1.b3 d5 2.Bb2 Nf6 3.e3 g6 4.Nf3 Bg7 5.c4 c6 6.Be2 O-O 7.O-O Bg4 8.h3 Bxf3 
9.Bxf3 e6 10.Qc2 Nbd7 11.Nc3 Rc8 12.Rad1 b5 13.cxb5 cxb5 14.Qb1 Qb6 15.g4 
Rfd8 16.Bg2 h5 17.g5 Ne8 18.Ne2 Bxb2 19.Qxb2 Ng7 20.Rc1 Nf5 21.Rxc8 Rxc8 
22.Rc1 Qd8 23.Rxc8 Qxc8 24.Nd4 Nd6 25.f4 b4 26.Qc2 Qxc2 27.Nxc2 a5 28.Nd4 
Nb8 29.Kf2 Kf8 30.d3 Ke7 31.e4 dxe4 32.dxe4 Kd7 33.Ke3 Nc8 34.Bf1 Na7 35.
Bc4 Nbc6 36.f5 Nd8 37.Kf4 Nac6 38.Nxc6 Nxc6 39.Bb5 Kd6 40.Bxc6 e5+ 41.Ke3 
Kxc6 42.Kd2 Kc5 43.Kd3 Kb5 44.Ke3 Kc5 45.Kd3 Kb5 1/2-1/2

[Event "14th EUR-ch"]
[Site "Legnica POL"]
[Date "2013.05.14"]
[Round "9"]
[White "Kriebel, Tadeas"]
[Black "Zontakh, Andriy"]
[Result "0-1"]
[WhiteElo "2388"]
[BlackElo "2521"]
[EventDate "2013.05.05"]
[PlyCount "118"]

1.e4 c5 2.Nf3 d6 3.d4 cxd4 4.Nxd4 Nf6 5.Nc3 a6 6.Be3 e5 7.Nb3 Be6 8.Qd2 
Nbd7 9.f3 h5 10.O-O-O Be7 11.Kb1 b5 12.Nd5 Bxd5 13.exd5 Nb6 14.Bxb6 Qxb6 
15.Bd3 O-O 16.Rhe1 a5 17.f4 a4 18.Nc1 a3 19.b3 Kh8 20.Bf5 Rfe8 21.h3 exf4 
22.Ne2 Qe3 23.Nxf4 Qxd2 24.Rxd2 g5 25.Nd3 Nxd5 26.Bd7 Red8 27.Bc6 Nc3+ 28.
Ka1 Bf6 29.Bxa8 Ne4+ 30.Kb1 Nxd2+ 31.Kc1 Nxb3+ 32.cxb3 Rxa8 33.Rf1 Kg7 34.
Rf5 Rb8 35.b4 Kg6 36.Rd5 Be7 37.g4 hxg4 38.hxg4 Rc8+ 39.Kd2 Rc4 40.Rxb5 
Rxg4 41.Rb7 Bf6 42.b5 Rg2+ 43.Ke3 Rxa2 44.Ra7 Rb2 45.Rxa3 Rxb5 46.Ra6 Be5 
47.Ra8 Rb3 48.Ke2 f6 49.Rg8+ Kf5 50.Rg7 d5 51.Rd7 d4 52.Nc5 Re3+ 53.Kf2 g4
54.Kg2 g3 55.Rg7 Rc3 56.Na4 Rc2+ 57.Kf1 d3 58.Ke1 g2 59.Kd1 Bd4 0-1

[Event "14th EUR-ch"]
[Site "Legnica POL"]
[Date "2013.05.14"]
[Round "9"]
[White "Worek, Joanna"]
[Black "Godena, Michele"]
[Result "0-1"]
[WhiteElo "2299"]
[BlackElo "2511"]
[EventDate "2013.05.05"]
[PlyCount "154"]

1.d4 d5 2.c4 c6 3.Nc3 Nf6 4.Nf3 e6 5.Bg5 h6 6.Bh4 dxc4 7.e4 g5 8.Bg3 b5 9.
e5 Nd5 10.Nd2 h5 11.h4 g4 12.Be2 Bb7 13.Nde4 Nd7 14.O-O Qb6 15.a4 a6 16.
Kh2 c5 17.axb5 Nxc3 18.Nxc3 cxd4 19.Na4 Qxb5 20.Qxd4 Bg7 21.Bxc4 Qxe5 22.
Qd3 Qe4 23.Qxe4 Bxe4 24.Rfe1 Bc2 25.Nc3 O-O 26.Bxa6 Nc5 27.Bc4 Bd3 28.Ba2 
Rfc8 29.Be5 Bxe5+ 30.Rxe5 Bg6 31.Rg5 Kg7 32.Rd1 f6 33.Rxc5 Rxc5 34.Bxe6 
Ra7 35.Rd8 Re5 36.Bd5 Re8 37.Rd6 Rb8 38.b3 Bc2 39.Ne2 Rb4 40.Ng3 Bg6 41.
Bc4 Rbb7 42.Rd5 Ra2 43.Nxh5+ Bxh5 44.Rxh5 Rxf2 45.Kg3 Rd2 46.Rc5 Re7 47.
Kxg4 Rxg2+ 48.Kf3 Rh2 49.Kg3 Rh1 50.Rc8 Rhe1 51.Rg8+ Kh7 52.Kf2 R1e2+ 53.
Kf3 R2e3+ 54.Kf2 Re2+ 55.Kf3 R7e3+ 56.Kf4 Re4+ 57.Kf3 R2e3+ 58.Kf2 Rh3 59.
Rd8 Rexh4 60.Bd3+ Kh6 61.Rd5 Rg4 62.Rd6 Rf4+ 63.Ke2 Kg5 64.Rd8 Rb4 65.Rd5+
Kh6 66.Rf5 Kg7 67.Bc4 Rb7 68.Rc5 Ra7 69.b4 Raa3 70.Rc7+ Kh6 71.Kf2 Rh2+ 
72.Kg1 Rc2 73.Rc5 Ra1+ 74.Bf1 Rxc5 75.bxc5 Rc1 76.Kf2 Rxc5 77.Bg2 Kg5 0-1

[Event "14th EUR-ch"]
[Site "Legnica POL"]
[Date "2013.05.14"]
[Round "9"]
[White "Marjanovic, Dejan"]
[Black "Ardelean, George-Catalin"]
[Result "0-1"]
[WhiteElo "2186"]
[BlackElo "2510"]
[EventDate "2013.05.05"]
[PlyCount "140"]

1.e4 c5 2.Nf3 e6 3.d4 cxd4 4.Nxd4 Nf6 5.Nc3 d6 6.g4 h6 7.h3 a6 8.Be3 b5 9.
Bg2 Bb7 10.a3 Nbd7 11.f4 Nc5 12.O-O Ncxe4 13.Nxe4 Bxe4 14.Bxe4 Nxe4 15.Qf3
d5 16.a4 b4 17.Rad1 Bc5 18.Nb3 Bxe3+ 19.Qxe3 O-O 20.Nd2 Nd6 21.Qd4 Rb8 22.
Kh1 Qh4 23.Rf3 Qf6 24.Qe5 Qxe5 25.fxe5 Nc8 26.Nb3 Nb6 27.a5 Nc4 28.Nc5 
Nxe5 29.Rb3 Rb5 30.Nxa6 Rxa5 31.Nxb4 Rc8 32.Re1 Nc4 33.Rc3 Rac5 34.Na6 
R5c6 35.Nb4 R6c7 36.Na6 Ra7 37.Nb4 Rcc7 38.Nd3 Nd6 39.Rxc7 Rxc7 40.c3 Ra7 
41.Kg2 Kf8 42.Kf3 Ke7 43.Ke3 Ra4 44.Nb4 Ne4 45.Kd4 Kd6 46.Rf1 f6 47.Kd3 
Ra8 48.Kc2 g5 49.h4 Rg8 50.hxg5 hxg5 51.Ra1 Nc5 52.Rf1 Rf8 53.Rg1 Rh8 54.
Rf1 Rh2+ 55.Kb1 Ne4 56.Rg1 Nf2 57.Nc2 Nd3 58.b4 Ne5 59.Rg3 Nc4 60.Nd4 Nd2+
61.Kc1 Ne4 62.Rf3 Rg2 63.b5 e5 64.Nf5+ Kc5 65.Ne3 Ra2 66.Nc2 Ra5 67.Rd3 
Rxb5 68.Ne3 Kc6 69.Kc2 Rc5 70.Kb3 Rxc3+ 0-1

[Event "14th EUR-ch"]
[Site "Legnica POL"]
[Date "2013.05.14"]
[Round "9"]
[White "Djukic, Nikola"]
[Black "Kanovsky, David"]
[Result "1-0"]
[WhiteElo "2555"]
[BlackElo "2404"]
[EventDate "2013.05.05"]
[PlyCount "73"]

1.e4 c5 2.Nf3 Nc6 3.d4 cxd4 4.Nxd4 g6 5.Nc3 Bg7 6.Be3 Nf6 7.Bc4 O-O 8.Bb3 
d6 9.f3 Bd7 10.h4 Nxd4 11.Bxd4 b5 12.h5 a5 13.hxg6 hxg6 14.Nd5 Nxd5 15.
Bxd5 Rc8 16.Bxg7 Kxg7 17.Qd4+ f6 18.O-O-O Qc7 19.Qd2 Rh8 20.g4 g5 21.f4 
gxf4 22.Rxh8 Rxh8 23.Qxf4 Rh4 24.Qf2 Rxg4 25.Rh1 e6 26.Qh2 exd5 27.Qh7+ 
Kf8 28.Rf1 Qd8 29.Qh8+ Rg8 30.Rxf6+ Ke7 31.Qh4 Be6 32.Rf8+ Kxf8 33.Qxd8+ 
Kf7 34.Qc7+ Kf6 35.exd5 Bxd5 36.Qxd6+ Be6 37.Qd4+ 1-0

[Event "14th EUR-ch"]
[Site "Legnica POL"]
[Date "2013.05.14"]
[Round "9"]
[White "Pap, Gyula"]
[Black "Mazur, Stefan"]
[Result "1-0"]
[WhiteElo "2539"]
[BlackElo "2402"]
[EventDate "2013.05.05"]
[PlyCount "79"]

1.d4 Nf6 2.c4 g6 3.Nc3 Bg7 4.e4 d6 5.f3 O-O 6.Be3 a6 7.Qd2 Nbd7 8.Bd3 c5 
9.Nge2 b6 10.O-O Bb7 11.b3 e6 12.Rac1 cxd4 13.Bxd4 Qc7 14.Kh1 Rad8 15.Qb2 
Qb8 16.Nd1 Nc5 17.Nf2 e5 18.Be3 Nxd3 19.Nxd3 b5 20.Nc3 Rc8 21.cxb5 d5 22.
exd5 e4 23.Bf4 Qa8 24.fxe4 Rfe8 25.d6 Nxe4 26.d7 Rxc3 27.dxe8=Q+ Qxe8 28.
Rxc3 Bxc3 29.Qc2 Qxb5 30.Be3 h5 31.Kg1 Bg7 32.Qc4 Qe8 33.Nc5 Nd6 34.Qd3 
Bc6 35.a4 Nf5 36.Bf2 Be5 37.Qxa6 h4 38.Re1 Bd5 39.Nd3 f6 40.Qxf6 1-0

[Event "14th EUR-ch"]
[Site "Legnica POL"]
[Date "2013.05.14"]
[Round "9"]
[White "Firat, Burak"]
[Black "Michiels, Bart"]
[Result "0-1"]
[WhiteElo "2421"]
[BlackElo "2505"]
[EventDate "2013.05.05"]
[PlyCount "40"]

1.e4 e6 2.d4 d5 3.Nc3 Nf6 4.e5 Nfd7 5.f4 c5 6.Nf3 Nc6 7.Be3 Be7 8.Qd2 b6 
9.O-O-O c4 10.f5 b5 11.fxe6 fxe6 12.Ng5 Bxg5 13.Bxg5 Qa5 14.Kb1 b4 15.Ne2 
c3 16.Qe3 cxb2 17.Nf4 Nb6 18.Qh3 Na4 19.Rd3 b3 20.Be2 Nc3+ 0-1

[Event "14th EUR-ch"]
[Site "Legnica POL"]
[Date "2013.05.14"]
[Round "9"]
[White "Kanter, Eduard"]
[Black "Holzke, Frank"]
[Result "1-0"]
[WhiteElo "2418"]
[BlackElo "2499"]
[EventDate "2013.05.05"]
[PlyCount "95"]

1.d4 d5 2.c4 c6 3.Nf3 Nf6 4.Nc3 dxc4 5.a4 Bf5 6.Nh4 e6 7.Nxf5 exf5 8.Bg5 
Nbd7 9.e3 b5 10.Qf3 Bb4 11.Bxf6 Qxf6 12.axb5 O-O 13.bxc6 Nb6 14.g3 Rfe8 
15.Bg2 Qxd4 16.O-O Qe5 17.Ra6 Bxc3 18.bxc3 g6 19.Qf4 Qxc3 20.c7 Rac8 21.
Bb7 Qd3 22.Bxc8 Rxc8 23.Rxa7 Nd5 24.Qd6 Nc3 25.Qc6 Qd5 26.Qxd5 Nxd5 27.Ra5
Nf6 28.Rc5 Ne8 29.Rxc4 Rxc7 30.Rxc7 Nxc7 31.h3 h5 32.Ra1 Kg7 33.Kg2 Kf6 
34.Ra5 Ne6 35.f4 Nc7 36.Kf3 Ne6 37.e4 fxe4+ 38.Kxe4 Ng7 39.Ra6+ Ne6 40.Rc6
Kg7 41.Ke5 Nf8 42.Rc7 Nh7 43.f5 Ng5 44.f6+ Kg8 45.Rc8+ Kh7 46.h4 Nf3+ 47.
Ke4 Nh2 48.Rf8 1-0

[Event "14th EUR-ch"]
[Site "Legnica POL"]
[Date "2013.05.14"]
[Round "9"]
[White "Arngrimsson, Dagur"]
[Black "Predke, Alexander"]
[Result "1-0"]
[WhiteElo "2390"]
[BlackElo "2494"]
[EventDate "2013.05.05"]
[PlyCount "81"]

1.d4 Nf6 2.c4 e6 3.g3 d5 4.Nf3 dxc4 5.Bg2 Bb4+ 6.Bd2 c5 7.O-O O-O 8.Bxb4 
cxb4 9.Qc1 b5 10.Ne5 Nd5 11.a4 bxa3 12.Nxa3 Qb6 13.e4 Ne7 14.d5 f6 15.d6 
Nec6 16.Nxc6 Nxc6 17.e5 Bd7 18.Qe3 Rab8 19.exf6 Rxf6 20.Nc2 a6 21.Bxc6 
Qxc6 22.Rfd1 Ra8 23.Nb4 Qb7 24.Ra5 Rf3 25.Qc5 Rb3 26.Qc7 Qf3 27.Rf1 Qf7 
28.Nxa6 Rc8 29.Qa7 Bc6 30.Qxf7+ Kxf7 31.Nc5 Rxb2 32.Ra7+ Kf6 33.Rc7 Rd2 
34.Rxc8 Rxd6 35.Re1 b4 36.Rb8 c3 37.Rxb4 c2 38.Rbe4 Kf7 39.Rxe6 Rd1 40.Nd3
Bb5 41.Nc1 1-0

[Event "14th EUR-ch"]
[Site "Legnica POL"]
[Date "2013.05.14"]
[Round "9"]
[White "Matinian, Nikita"]
[Black "Nedilko, Vasyl"]
[Result "0-1"]
[WhiteElo "2491"]
[BlackElo "2396"]
[EventDate "2013.05.05"]
[PlyCount "84"]

1.e4 c5 2.Nf3 d6 3.d4 cxd4 4.Nxd4 Nf6 5.Nc3 a6 6.h3 e5 7.Nde2 h5 8.g3 Be6 
9.Bg2 Be7 10.Be3 Nbd7 11.Qd2 b5 12.a3 O-O 13.b3 Rc8 14.f4 Nc5 15.O-O Qc7 
16.Rac1 Qb7 17.f5 Bd7 18.Nd5 Bc6 19.Nec3 Ncxe4 20.Bxe4 Nxe4 21.Nxe7+ Qxe7 
22.Nxe4 Bxe4 23.c4 Rfd8 24.Qe2 d5 25.cxd5 Rxc1 26.Rxc1 Bxd5 27.Qxh5 Qxa3 
28.Qe2 Qxb3 29.Qd2 Re8 30.Kh2 Qa2 31.Rc2 Qb1 32.g4 Qh1+ 33.Kg3 Qe4 34.Rc7 
b4 35.Rd7 Bc6 36.Rd8 Kh7 37.Rd6 f6 38.g5 fxg5 39.Bxg5 Rf8 40.f6 gxf6 41.
Qf2 fxg5 42.Qxf8 Qg2# 0-1

[Event "14th EUR-ch"]
[Site "Legnica POL"]
[Date "2013.05.14"]
[Round "9"]
[White "Muzychuk, Mariya"]
[Black "Ernst, Thomas"]
[Result "1/2-1/2"]
[WhiteElo "2483"]
[BlackElo "2387"]
[EventDate "2013.05.05"]
[PlyCount "91"]

1.e4 c5 2.Nf3 d6 3.d4 cxd4 4.Qxd4 Nf6 5.Nc3 a6 6.Bg5 Nc6 7.Qd2 h6 8.Bxf6 
gxf6 9.O-O-O e6 10.Nd4 Qb6 11.Nb3 Bd7 12.f4 O-O-O 13.Be2 h5 14.Kb1 Kb8 15.
Bf3 h4 16.Qe2 Be7 17.Rd2 Na5 18.Nxa5 Qxa5 19.Rhd1 Qc5 20.Rd4 Rhe8 21.Bh5 
Rf8 22.Bg4 Be8 23.h3 Rc8 24.R1d2 Qb6 25.Nd1 Bb5 26.c4 Bd7 27.Nc3 Rfd8 28.
Qe1 d5 29.exd5 Bb4 30.dxe6 Bxc3 31.exd7 Rc5 32.Qf2 Bxd2 33.Qxd2 f5 34.Rd6 
Qc7 35.Bh5 Rc6 36.Rd3 Rxc4 37.Bxf7 Rxf4 38.a3 Re4 39.Be8 Rexe8 40.dxe8=Q 
Rxe8 41.Rd5 Qg3 42.Rd8+ Rxd8 43.Qxd8+ Ka7 44.Qd4+ Ka8 45.Qh8+ Ka7 46.Qd4+ 
1/2-1/2

[Event "14th EUR-ch"]
[Site "Legnica POL"]
[Date "2013.05.14"]
[Round "9"]
[White "Zude, Erik"]
[Black "Danielian, Elina"]
[Result "0-1"]
[WhiteElo "2382"]
[BlackElo "2478"]
[EventDate "2013.05.05"]
[PlyCount "88"]

1.c4 c5 2.g3 g6 3.Bg2 Bg7 4.Nc3 Nc6 5.Nf3 e6 6.d3 Nge7 7.Bg5 h6 8.Bd2 O-O 
9.Qc1 Kh7 10.O-O d5 11.Rb1 b6 12.a3 a5 13.e3 d4 14.exd4 cxd4 15.Ne2 e5 16.
b4 axb4 17.Bxb4 Nxb4 18.Rxb4 Bf5 19.Ne1 Ra6 20.Rb3 Ng8 21.Nf3 g5 22.Qb2 
Bg6 23.Rb1 Qe7 24.Re1 Qd6 25.g4 Nf6 26.h3 e4 27.Qxd4 Qxd4 28.Nfxd4 exd3 
29.Ng3 Nd7 30.Ndf5 Nc5 31.Rb4 Bc3 32.Rd1 Re8 33.Rbb1 Rxa3 34.Rxb6 d2 35.
Rbb1 Re1+ 36.Nf1 Bxf5 37.gxf5 Nd3 38.Bf3 Nb2 39.Rxb2 Bxb2 40.Rxd2 Rxf3 41.
Rxb2 Rxh3 42.Rc2 Rh4 43.Kg2 Rg4+ 44.Ng3 Ree4 0-1

[Event "14th EUR-ch"]
[Site "Legnica POL"]
[Date "2013.05.14"]
[Round "9"]
[White "Can, Emre"]
[Black "Szwed, Jacek"]
[Result "1-0"]
[WhiteElo "2471"]
[BlackElo "2354"]
[EventDate "2013.05.05"]
[PlyCount "117"]

1.e4 e6 2.d4 d5 3.Nd2 c5 4.exd5 exd5 5.Ngf3 a6 6.Be2 Nf6 7.O-O Be7 8.dxc5 
Bxc5 9.Nb3 Bb6 10.Qd3 O-O 11.Be3 Bxe3 12.Qxe3 Re8 13.Qd2 Ne4 14.Qf4 g5 15.
Qc1 Nc6 16.Nfd4 Qf6 17.c3 Bd7 18.Qc2 Ne5 19.Bd3 Nc4 20.Rae1 Rac8 21.Re2 
Kg7 22.Rfe1 Ned6 23.Nd2 Rxe2 24.Rxe2 Ne5 25.Nf1 Ng6 26.Bxg6 Qxg6 27.Ne3 
Qxc2 28.Ndxc2 Nc4 29.Nd4 Re8 30.Nd1 Rxe2 31.Nxe2 Bf5 32.Nd4 Bb1 33.a4 a5 
34.Kf1 Bd3+ 35.Ke1 Kf6 36.b3 Nb6 37.Nb2 Be4 38.f3 Bg6 39.Kd2 Ke5 40.Ke3 f6
41.g3 Kd6 42.h4 Nd7 43.b4 axb4 44.cxb4 Ne5 45.f4 gxf4+ 46.gxf4 Ng4+ 47.Kd2
Nf2 48.Nd1 Ne4+ 49.Ke3 b6 50.Nb5+ Kc6 51.Ndc3 Ng3 52.Nd4+ Kd6 53.Ncb5+ Kd7
54.a5 bxa5 55.bxa5 Ne4 56.a6 Kc8 57.Nc6 Be8 58.Ne7+ Kb8 59.a7+ 1-0

[Event "14th EUR-ch"]
[Site "Legnica POL"]
[Date "2013.05.14"]
[Round "9"]
[White "Pavlidis, Anastasios"]
[Black "Ekstroem, Roland"]
[Result "1-0"]
[WhiteElo "2360"]
[BlackElo "2461"]
[EventDate "2013.05.05"]
[PlyCount "97"]

1.d4 Nf6 2.c4 d6 3.Nc3 e5 4.Nf3 Nbd7 5.e4 Be7 6.Be2 O-O 7.O-O c6 8.h3 a6 
9.Be3 b5 10.a3 Bb7 11.Qc2 Rc8 12.Rfd1 Qc7 13.Rac1 Qb8 14.g4 Rfd8 15.g5 Ne8
16.Bf1 exd4 17.Nxd4 Ne5 18.Nf5 Bf8 19.cxb5 cxb5 20.Bg2 Nc7 21.Qe2 Nc4 22.
Bf4 Ne6 23.Bg3 Kh8 24.h4 Re8 25.b3 Ne5 26.f4 Ng6 27.Qg4 Nc5 28.h5 Nxb3 29.
hxg6 Nxc1 30.Rxc1 fxg6 31.Nh4 d5 32.f5 gxf5 33.exf5 Bd6 34.f6 Bxg3 35.f7 
Re6 36.Qxe6 Bxh4 37.Rf1 Rf8 38.Qe7 h6 39.Rf3 d4 40.Rh3 Qd8 41.Qxd8 Rxd8 
42.Bxb7 Bxg5 43.Rf3 Rf8 44.Ne4 Be3+ 45.Kf1 g5 46.Bd5 Kg7 47.Nc5 Bf4 48.
Ne6+ Kxf7 49.Nxf4+ 1-0

[Event "14th EUR-ch"]
[Site "Legnica POL"]
[Date "2013.05.14"]
[Round "9"]
[White "Vuilleumier, Alexandre"]
[Black "Petenyi, Tamas"]
[Result "1/2-1/2"]
[WhiteElo "2319"]
[BlackElo "2455"]
[EventDate "2013.05.05"]
[PlyCount "71"]

1.e4 c5 2.Nf3 d6 3.c3 Nf6 4.h3 g6 5.Bd3 Bg7 6.O-O O-O 7.Bc2 Nc6 8.d4 cxd4 
9.cxd4 Nd7 10.Be3 Nb6 11.Nbd2 Bd7 12.a3 Rc8 13.b4 e5 14.dxe5 dxe5 15.Bc5 
Re8 16.Bb3 Qf6 17.Bxb6 axb6 18.Nc4 Red8 19.Nxb6 Be6 20.Qb1 Rc7 21.Rd1 Nd4 
22.Nxd4 exd4 23.Nd5 Bxd5 24.Bxd5 Rdc8 25.Rd3 Qf4 26.Qf1 Rc1 27.Rxc1 Rxc1 
28.Rd1 Rc3 29.g3 Qc7 30.Qb5 Rxg3+ 31.fxg3 Qxg3+ 32.Kf1 Qf3+ 33.Ke1 Qg3+ 
34.Kf1 Qf3+ 35.Ke1 Qg3+ 36.Kf1 1/2-1/2

[Event "14th EUR-ch"]
[Site "Legnica POL"]
[Date "2013.05.14"]
[Round "9"]
[White "Donchenko, Alexander"]
[Black "Chudinovskikh, Alexander"]
[Result "1-0"]
[WhiteElo "2452"]
[BlackElo "2296"]
[EventDate "2013.05.05"]
[PlyCount "75"]

1.c4 c5 2.g3 g6 3.Bg2 Bg7 4.Nc3 Nc6 5.Nf3 e5 6.O-O Nge7 7.a3 a5 8.Ne1 d6 
9.Nc2 h5 10.h4 f5 11.d3 f4 12.Rb1 Nf5 13.Ne4 O-O 14.e3 fxg3 15.fxg3 Bh6 
16.Qe2 a4 17.Ne1 Na5 18.Nf3 Nb3 19.Nfg5 Ra7 20.Kh2 b6 21.Bd2 Re7 22.Rbe1 
Bb7 23.Nc3 Bxg2 24.Kxg2 Bxg5 25.hxg5 h4 26.Nd5 Ref7 27.Nf6+ Kg7 28.Rxf5 
gxf5 29.Rh1 Qa8+ 30.e4 Rh8 31.gxh4 Nxd2 32.Qxd2 Rxf6 33.gxf6+ Kf7 34.Kf2 
fxe4 35.Rg1 Qd8 36.Rg7+ Kxf6 37.Qg5+ Ke6 38.Qg4+ 1-0

[Event "14th EUR-ch"]
[Site "Legnica POL"]
[Date "2013.05.14"]
[Round "9"]
[White "Goluch, Piotr"]
[Black "Fauland, Alexander"]
[Result "1-0"]
[WhiteElo "2215"]
[BlackElo "2449"]
[EventDate "2013.05.05"]
[PlyCount "81"]

1.e4 c6 2.d4 d5 3.exd5 cxd5 4.c4 Nf6 5.Nc3 e6 6.Nf3 Bb4 7.Bd2 O-O 8.a3 Be7
9.c5 Nc6 10.Bd3 b6 11.cxb6 Qxb6 12.Na4 Qb8 13.O-O a5 14.Qe2 Bd7 15.Nc3 Rc8
16.Bg5 Ng4 17.Bxh7+ Kxh7 18.Bxe7 e5 19.Nxd5 Qb3 20.dxe5 Kg8 21.Qe4 Nh6 22.
Nf6+ gxf6 23.Bxf6 Bf5 24.Qf4 Kh7 25.Bg5 Ne7 26.Bxh6 Rc4 27.Qe3 Qxb2 28.Bg5
Nd5 29.Qd2 Qb7 30.Nd4 Bg6 31.Rad1 Nc3 32.Rc1 Rac8 33.Be3 Qd5 34.Kh1 Qxe5 
35.Nf3 Qh5 36.Bd4 Ne4 37.Rxc4 Rxc4 38.Qb2 Ng5 39.Qb8 Rxd4 40.Nxd4 Qg4 41.
Qg3 1-0

[Event "14th EUR-ch"]
[Site "Legnica POL"]
[Date "2013.05.14"]
[Round "9"]
[White "Kjartansson, Gudmundur"]
[Black "Minko, Vladimir"]
[Result "0-1"]
[WhiteElo "2446"]
[BlackElo "2268"]
[EventDate "2013.05.05"]
[PlyCount "72"]

1.e4 c5 2.Nc3 Nc6 3.g3 g6 4.Bg2 Bg7 5.d3 e6 6.f4 d6 7.Nf3 f5 8.O-O Nf6 9.
Kh1 O-O 10.Be3 Kh8 11.Qd2 Qe7 12.Rae1 Bd7 13.e5 Ng4 14.exd6 Qxd6 15.Nb5 
Qe7 16.Bg1 Rad8 17.h3 Nf6 18.c4 Nb4 19.Ne5 Bxb5 20.cxb5 Nh5 21.Kh2 Nxg3 
22.Kxg3 Bxe5 23.Bxc5 Rxd3+ 24.Qxd3 Qg5+ 25.Kf3 Qh5+ 26.Ke3 Nxd3 27.Kxd3 
Rd8+ 28.Kc2 Bg7 29.Rxe6 g5 30.Be7 Rc8+ 31.Kb1 gxf4 32.h4 Qg4 33.Bf3 Qh3 
34.Ree1 Qg3 35.Bd6 Qg6 36.Bxf4 Qb6 0-1

[Event "14th EUR-ch"]
[Site "Legnica POL"]
[Date "2013.05.14"]
[Round "9"]
[White "Diermair, Andreas"]
[Black "Musialkiewicz, Jan"]
[Result "1-0"]
[WhiteElo "2431"]
[BlackElo "2256"]
[EventDate "2013.05.05"]
[PlyCount "125"]

1.Nf3 c5 2.c4 Nc6 3.Nc3 e5 4.e3 Nf6 5.d4 cxd4 6.exd4 e4 7.Ne5 Bb4 8.Be2 
Qa5 9.O-O Nxe5 10.dxe5 Qxe5 11.Bd2 a6 12.Nxe4 Bxd2 13.Nxf6+ Qxf6 14.Qxd2 
O-O 15.Bf3 Rb8 16.Rad1 b5 17.c5 Bb7 18.Bxb7 Rxb7 19.b4 a5 20.a3 axb4 21.
axb4 Ra8 22.Rfe1 h6 23.Re4 Ra1 24.Re8+ Kh7 25.Rxa1 Qxa1+ 26.Re1 Qf6 27.g3 
g6 28.Qd3 h5 29.h4 Kg7 30.Re3 Kg8 31.Re8+ Kg7 32.Ra8 Qe5 33.Kg2 Qf6 34.Qe3
Qe6 35.Qxe6 fxe6 36.Kf3 Kf6 37.Ke4 Rc7 38.Rf8+ Ke7 39.Rb8 Ra7 40.Rxb5 Ra2 
41.Ke3 Ra3+ 42.Kf4 Kf6 43.Rb6 Rb3 44.Rb8 Rb2 45.Ke4 Ke7 46.Rb7 Kd8 47.f3 
Kc8 48.Rb6 Rb3 49.c6 dxc6 50.Rxc6+ Kd7 51.Rb6 Ke7 52.Rb7+ Kf8 53.b5 Kg8 
54.b6 Rb5 55.Kd4 e5+ 56.Ke4 Rb1 57.Kxe5 Rc1 58.Kd5 Rb1 59.Ke5 Rb3 60.g4 g5
61.hxg5 h4 62.f4 h3 63.Kf6 1-0

[Event "14th EUR-ch"]
[Site "Legnica POL"]
[Date "2013.05.14"]
[Round "9"]
[White "Musialkiewicz, Pawel"]
[Black "Khaetsky, Roman"]
[Result "0-1"]
[WhiteElo "2160"]
[BlackElo "2426"]
[EventDate "2013.05.05"]
[PlyCount "38"]

1.d4 f5 2.g3 Nf6 3.Bg2 g6 4.Nf3 Bg7 5.O-O O-O 6.c4 d6 7.Nc3 Qe8 8.Re1 Qf7 
9.e4 fxe4 10.Nxe4 Qxc4 11.Bf1 Qb4 12.Bd2 Qb6 13.Nc3 Bg4 14.Na4 Qc6 15.Qb3+
Kh8 16.Ng5 Qe8 17.d5 Na6 18.Bxa6 bxa6 19.Nc3 Qd7 
    {.... ??}
0-1

[Event "14th EUR-ch"]
[Site "Legnica POL"]
[Date "2013.05.14"]
[Round "9"]
[White "Simacek, Pavel"]
[Black "Rindlisbacher, Lars"]
[Result "0-1"]
[WhiteElo "2498"]
[BlackElo "2312"]
[EventDate "2013.05.05"]
[PlyCount "56"]

1.e4 e5 2.Nf3 Nc6 3.Bb5 a6 4.Bxc6 dxc6 5.O-O Qf6 6.d4 exd4 7.Qxd4 Qxd4 8.
Nxd4 Bd7 9.Be3 O-O-O 10.Nd2 Ne7 11.f4 f5 12.Rae1 c5 13.N4f3 Nc6 14.Ne5 
Nxe5 15.fxe5 Re8 16.exf5 Rxe5 17.f6 gxf6 18.Rxf6 Re7 19.c3 Bg7 20.Rff1 
Rhe8 21.Kf2 Bb5 22.Bg5 Re5 23.Bf4 Rf8 24.Kg3 Rxe1 25.Rxe1 Rxf4 26.Kxf4 
Bh6+ 27.Ke5 Bxd2 28.Rd1 Bg5 0-1

[Event "14th EUR-ch"]
[Site "Legnica POL"]
[Date "2013.05.14"]
[Round "9"]
[White "Wagner, Dennis"]
[Black "Buchal, Stephan"]
[Result "1-0"]
[WhiteElo "2487"]
[BlackElo "2315"]
[EventDate "2013.05.05"]
[PlyCount "81"]

1.d4 f5 2.Bg5 g6 3.Nc3 Bg7 4.h4 Nc6 5.e3 h6 6.Bf4 d6 7.d5 e5 8.dxc6 exf4 
9.Bb5 Kf8 10.Nge2 fxe3 11.Nf4 Bxc3+ 12.bxc3 Qf6 13.O-O Ne7 14.cxb7 Bxb7 
15.fxe3 g5 16.Nh5 Qe5 17.Qe2 Rg8 18.Bc4 Rg6 19.Rab1 Be4 20.Bd3 Kg8 21.Rb5 
Bxd3 22.Qxd3 c5 23.Rb7 Kh8 24.Rf3 a5 25.a4 Rf8 26.Ra7 Nd5 27.e4 Nf4 28.
Nxf4 gxf4 29.exf5 Rxf5 30.Rxa5 Rg8 31.Ra7 d5 32.a5 Rg7 33.Rxg7 Kxg7 34.a6 
Rf7 35.Rf1 Ra7 36.Ra1 Kf6 37.Qf3 Kg7 38.Qg4+ Kh7 39.Rb1 Rg7 40.Rb7 Qe3+ 
41.Kh2 1-0

[Event "14th EUR-ch"]
[Site "Legnica POL"]
[Date "2013.05.14"]
[Round "9"]
[White "Golub, Dan"]
[Black "Matsenko, Sergei"]
[Result "1/2-1/2"]
[WhiteElo "2305"]
[BlackElo "2485"]
[EventDate "2013.05.05"]
[PlyCount "91"]

1.e4 c5 2.Nf3 Nc6 3.d4 cxd4 4.Nxd4 Qc7 5.Nc3 e6 6.Be3 a6 7.Qd2 Nf6 8.O-O-O
Nxd4 9.Qxd4 Ng4 10.Qb6 Qc6 11.Bd4 e5 12.Be3 Be7 13.Nd5 Bd8 14.Qb4 Nxe3 15.
Nxe3 Be7 16.Qc4 b5 17.Qd5 Qxd5 18.Nxd5 Rb8 19.b4 Bb7 20.c3 h5 21.Be2 Rh6 
22.Kb2 Rc8 23.a3 Rg6 24.Bf3 h4 25.h3 Rd6 26.Ne3 g6 27.Rxd6 Bxd6 28.Rd1 Ke7
29.Nd5+ Bxd5 30.Rxd5 f5 31.Rd2 Rb8 32.Kb3 Bc7 33.Bd1 d6 34.Bc2 Kf6 35.a4 
bxa4+ 36.Kxa4 Kg5 37.Bb3 Kf4 38.Bd5 Bb6 39.exf5 gxf5 40.Bc4 a5 41.bxa5 Bc5
42.Bb5 e4 43.a6 Rg8 44.Bf1 Rb8 45.Bb5 Rg8 46.Bf1 1/2-1/2